000 00557nam a2200193 a 4500
001 1197
003 CO-ViMGA
008 141112s2004 ck r 000 u spa d
040 _aCO-ViMGA
_bspa
_cCO-ViMGA
082 0 4 _aHOWb
100 1 _aHowe, Deborah
245 1 0 _aBonicula :
_buna historia de misterio conejil /
_cHowe Deborah , Howe James
260 _aMexico :
_bFondo de Cultura Económica,
_c1993
300 _a91 p : il
490 _aA la orilla del viento
650 1 4 _aCUENTOS INFANTILES
_92743
650 1 4 _aHowe, James
_949313
942 _2ddc
_cBK
999 _c13418
_d13418